00785nam a2200193 a 450000100100000000500170001000800410002704000250006808200210009310000340011424500620014825000160021026000760022630000200030204900090032295201190033195201240045099900170057400002898220200930055245.0110413s1977 dr 000 e spa d aDO-SdBNPbspacBNPHU axxxbS232a, 19771 aSantana, Julio César93608610aAmemos nuestra patria :bensayo /cJulio César Santana. a2a ed. rev. aSan Pedro de Macorís, República Dominicana :bImp. Esfuerzo,c1977. a24 p. ;c21 cm. aBNPD 0010718PDaPDbPDcCTd2011-04-13iLF1l0oxxx S232a, 1977p28982-10r2020-06-25w2020-06-25yLFPDZNo se presta 0010718PDaPDbPDcCTd2011-04-13iLF1l0oxxx S232a, 1977p28982-20r2020-06-25te.2w2020-06-25yLFPDZNo se presta c28474d28474